[Event "Bayern-ch Seniors 23rd"]
[Site "Bergen"]
[Date "2011.06.02"]
[Round "6"]
[White "Flockerzi, Armin"]
[Black "Biberger, Hans"]
[Result "0-1"]
[WhiteElo "1707"]
[BlackElo "1818"]
[PlyCount "82"]
[EventDate "2011.05.28"]
[EventType "swiss"]
[EventRounds "9"]
[EventCountry "GER"]
[SourceTitle "EXT 2012"]
[Source "ChessBase"]
[SourceDate "2011.11.24"]
[SourceVersion "1"]
[SourceVersionDate "2011.11.24"]
[SourceQuality "1"]

1. d4 Nf6 2. c4 c5 3. d5 e5 4. Bg5 d6 5. Nc3 Be7 6. Qc2 h6 7. Bxf6 Bxf6 8. e4 Na6 9. a3 Bd7 10. Be2 g6 11. Nf3 Rb8 12. 0-0 Nc7 13. Nb5 Nxb5 14. cxb5 0-0 15. a4 Bg7 16. Nd2 f5 17. exf5 gxf5 18. f3 Qg5 19. Nc4 Rf6 20. Bd3 Re8 21. Rae1 h5 22. Qf2 h4 23. f4 exf4 24. Rxe8+ Bxe8 25. Qxf4 Qxf4 26. Rxf4 h3 27. g3 Bf7 28. Ne3 Bh6 29. Rf3 Bxe3+ 30. Rxe3 Bxd5 31. Bf1 f4 32. gxf4 Rxf4 33. Bxh3 Rxa4 34. Bd7 Rb4 35. Rd3 Bc4 36. Rd2 Bxb5 37. Be6+ Kf8 38. Bc8 Bc6 39. Rxd6 Rxb2 40. Rf6+ Kg7 41. Rf4 Rg2+ 0-1

[Event "Bayern-ch Seniors 23rd"]
[Site "Bergen"]
[Date "2011.06.01"]
[Round "5"]
[White "Biberger, Hans"]
[Black "Koenigl, Anton"]
[Result "1-0"]
[WhiteElo "1818"]
[BlackElo "1662"]
[PlyCount "99"]
[EventDate "2011.05.28"]
[EventType "swiss"]
[EventRounds "9"]
[EventCountry "GER"]
[SourceTitle "EXT 2012"]
[Source "ChessBase"]
[SourceDate "2011.11.24"]
[SourceVersion "1"]
[SourceVersionDate "2011.11.24"]
[SourceQuality "1"]

1. b4 Nf6 2. Bb2 g6 3. e3 Bg7 4. c4 d6 5. f4 0-0 6. Nf3 Bg4 7. Be2 c6 8. a4 Qc7 9. 0-0 Nbd7 10. d4 Bxf3 11. Bxf3 e5 12. fxe5 dxe5 13. Nd2 Rfe8 14. Qb3 Rad8 15. c5 e4 16. Be2 Nd5 17. Nc4 f5 18. g3 Rf8 19. Rae1 N7f6 20. b5 Kh8 21. b6 axb6 22. cxb6 Qb8 23. Ba3 Rfe8 24. Ne5 Kg8 25. a5 Bh6 26. Bc4 Bf8 27. Bxf8 Kxf8 28. a6 Rxe5 29. a7 Qd6 30. dxe5 Qxe5 31. Qa3+ Ke8 32. a8Q Nxb6 33. Qxd8+ Kxd8 34. Rd1+ Kc7 35. Be2 Nfd5 36. Rc1 h5 37. Bc4 Nf6 38. Bf7 h4 39. Bxg6 hxg3 40. Rxf5 gxh2+ 41. Kh1 Qe6 42. Qf8 Nfd7 43. Qh6 Nd5 44. Rxd5 Qxd5 45. Qf4+ Kc8 46. Bxe4 Qd2 47. Ra1 Nb6 48. Bf5+ Kd8 49. Qd4+ Qxd4 50. exd4 1-0

[Event "Regionalliga SW 0910"]
[Site "Bayern"]
[Date "2010.02.07"]
[Round "6.8"]
[White "Wechs, Julian"]
[Black "Biberger, Hans"]
[Result "1/2-1/2"]
[WhiteElo "1642"]
[BlackElo "1826"]
[PlyCount "64"]
[EventDate "2009.10.18"]
[EventType "team-tourn"]
[EventRounds "9"]
[EventCountry "GER"]
[SourceTitle "EXT 2011"]
[Source "ChessBase"]
[SourceDate "2010.11.26"]
[SourceVersion "1"]
[SourceVersionDate "2010.11.26"]
[SourceQuality "1"]
[WhiteTeam "Sonthofen"]
[BlackTeam "Unterhaching"]
[WhiteTeamCountry "GER"]
[BlackTeamCountry "GER"]

1. Nf3 d5 2. g3 g6 3. Bg2 Bg7 4. 0-0 c5 5. d3 Nc6 6. Nbd2 e5 7. e4 d4 8. Nb3 b6 9. Ne1 Nge7 10. f4 f6 11. Nf3 Qd6 12. a4 a5 13. Qe2 Be6 14. fxe5 Nxe5 15. Nxe5 fxe5 16. Bg5 Rf8 17. Rxf8+ Kxf8 18. Rf1+ Kg8 19. Nd2 h6 20. Bf6 Rf8 21. Bxg7 Rxf1+ 22. Qxf1 Kxg7 23. Bh3 Bf7 24. Qe2 h5 25. Qf2 Qf6 26. Qe2 g5 27. Bd7 g4 28. b3 Ng8 29. Bb5 Qg5 30. Qf2 Nf6 31. Kg2 Be6 32. Kg1 Bf7 1/2-1/2

[Event "Regionalliga SW 0809"]
[Site "Bayern"]
[Date "2008.10.26"]
[Round "2.8"]
[White "Epple, Ulrich"]
[Black "Biberger, Hans"]
[Result "1-0"]
[WhiteElo "1973"]
[BlackElo "1932"]
[PlyCount "149"]
[EventDate "2008.10.05"]
[EventType "team-tourn"]
[EventRounds "9"]
[EventCountry "GER"]
[SourceTitle "EXT 2020"]
[Source "ChessBase"]
[SourceDate "2019.10.17"]
[SourceVersion "1"]
[SourceVersionDate "2019.10.17"]
[SourceQuality "1"]
[WhiteTeam "Tuerkheim"]
[BlackTeam "Unterhaching"]
[WhiteTeamCountry "GER"]
[BlackTeamCountry "GER"]

1. e4 d5 2. exd5 Qxd5 3. Nc3 Qa5 4. d4 Nf6 5. Bc4 c6 6. Nf3 Bg4 7. Bd2 Qc7 8. Qe2 Bxf3 9. Qxf3 e6 10. 0-0-0 Nbd7 11. Rhe1 Nb6 12. Bb3 0-0-0 13. Bf4 Bd6 14. Bg5 Be7 15. Kb1 Rhe8 16. Bf4 Bd6 17. Be5 Bxe5 18. dxe5 Rxd1+ 19. Nxd1 Ng8 20. c4 Qe7 21. Nc3 f5 22. exf6 Qxf6 23. Qg3 Rd8 24. Ne4 Qg6 25. Qxg6 hxg6 26. c5 Nd5 27. Nd6+ Kd7 28. Nxb7 Rf8 29. f3 Nge7 30. Nd6 Nf5 31. Nc4 Nh4 32. Ne5+ Kc7 33. g3 Nxf3 34. Nxf3 Rxf3 35. Bxd5 exd5 36. Re7+ Kb8 37. Rxg7 Rf1+ 38. Kc2 Rf2+ 39. Kc3 Rxh2 40. Rxg6 Kb7 41. Rg7+ Ka6 42. a4 Re2 43. Rg6 Kb7 44. g4 Re4 45. b3 a5 46. g5 Re3+ 47. Kb2 d4 48. Rd6 Re2+ 49. Kc1 Re5 50. g6 Rxc5+ 51. Kd2 Rg5 52. Kd3 Kc7 53. Rf6 c5 54. Rf7+ Kd6 55. g7 Ke6 56. Ra7 Kf6 57. Rc7 Rxg7 58. Rxc5 Rb7 59. Kxd4 Rxb3 60. Rxa5 Ke6 61. Kc4 Rb1 62. Rb5 Rc1+ 63. Kb4 Kd6 64. Ka5 Ra1 65. Rb2 Kc7 66. Rb4 Rc1 67. Ka6 Rg1 68. a5 Rg8 69. Ka7 Rg5 70. Rc4+ Kd8 71. a6 Rb5 72. Rc6 Kd7 73. Rb6 Rxb6 74. Kxb6 Kc8 75. a7 1-0

[Event "Regionalliga SW 0708"]
[Site "Bayern"]
[Date "2008.04.06"]
[Round "8.8"]
[White "Biberger, Hans"]
[Black "Maugg, Ludwig"]
[Result "0-1"]
[WhiteElo "1900"]
[BlackElo "1930"]
[PlyCount "58"]
[EventDate "2007.10.21"]
[EventType "team-tourn"]
[EventRounds "9"]
[EventCountry "GER"]
[SourceTitle "EXT 2009"]
[Source "ChessBase"]
[SourceDate "2008.11.26"]
[SourceVersion "1"]
[SourceVersionDate "2008.11.26"]
[SourceQuality "1"]
[WhiteTeam "Unterhaching"]
[BlackTeam "Sonthofen"]
[WhiteTeamCountry "GER"]
[BlackTeamCountry "GER"]

1. e4 c5 2. c4 Nc6 3. Nc3 g6 4. g3 Bg7 5. Bg2 d6 6. Nge2 e6 7. d3 Nge7 8. Be3 Nd4 9. 0-0 0-0 10. Qd2 Qa5 11. Bxd4 cxd4 12. Nb1 Qc7 13. b4 a5 14. b5 b6 15. f4 Bb7 16. g4 f5 17. gxf5 exf5 18. Ng3 fxe4 19. Bxe4 Bxe4 20. Nxe4 Nf5 21. Na3 Ne3 22. Rf2 Qd7 23. Kh1 Rae8 24. Re1 d5 25. cxd5 Qxd5 26. Nc2 Rc8 27. Rxe3 dxe3 28. Qxe3 Qxa2 29. Nb4 Qb1+ 0-1

[Event "Regionalliga SW 0708"]
[Site "Bayern"]
[Date "2007.12.09"]
[Round "4.8"]
[White "Biberger, Hans"]
[Black "King, Alexander"]
[Result "1-0"]
[WhiteElo "1875"]
[BlackElo "1819"]
[PlyCount "97"]
[EventDate "2007.10.21"]
[EventType "team-tourn"]
[EventRounds "9"]
[EventCountry "GER"]
[SourceTitle "EXT 2009"]
[Source "ChessBase"]
[SourceDate "2008.11.26"]
[SourceVersion "1"]
[SourceVersionDate "2008.11.26"]
[SourceQuality "1"]
[WhiteTeam "Unterhaching"]
[BlackTeam "Klosterlechfeld"]
[WhiteTeamCountry "GER"]
[BlackTeamCountry "GER"]

1. b4 e5 2. Bb2 f6 3. a3 d5 4. e3 Bd6 5. Nf3 Bg4 6. h3 Bh5 7. Be2 Ne7 8. d4 e4 9. Nfd2 Bxe2 10. Qxe2 0-0 11. c4 c6 12. Nc3 f5 13. g3 Nd7 14. c5 Bc7 15. a4 Nf6 16. Nb3 Qe8 17. b5 h5 18. a5 h4 19. gxh4 Ng6 20. 0-0-0 Nxh4 21. b6 Bd8 22. Nd2 axb6 23. axb6 Nd7 24. f4 Bf6 25. Nb3 Ra6 26. Kc2 Qf7 27. Ra1 Rfa8 28. Rxa6 Rxa6 29. Ra1 Rxa1 30. Bxa1 Nf8 31. Na5 Ne6 32. Na4 Nf3 33. Nb3 Qh5 34. Qf1 g5 35. fxg5 Bxg5 36. Nc3 Nd8 37. Nd1 Qh6 38. h4 Qxh4 39. Bc3 Qh2+ 40. Kb1 f4 41. exf4 Bxf4 42. Qf2 Qh1 43. Kc2 Qh5 44. Nc1 Qf5 45. Qg2+ Kf7 46. Ne2 Ne6 47. Nf2 e3+ 48. Nd3 Bg5 49. Qxf3 1-0

[Event "Munich-ch VM2"]
[Site "Munich"]
[Date "2006.02.12"]
[Round "9"]
[White "Biberger, Hans"]
[Black "Schaffranietz, Horst"]
[Result "1/2-1/2"]
[WhiteElo "2016"]
[BlackElo "1964"]
[PlyCount "129"]
[EventDate "2006.01.20"]
[EventType "tourn"]
[EventRounds "9"]
[EventCountry "GER"]
[SourceTitle "EXT 2007"]
[Source "ChessBase"]
[SourceDate "2006.11.23"]
[SourceVersion "1"]
[SourceVersionDate "2006.11.23"]
[SourceQuality "1"]

1. b4 Nf6 2. Bb2 e6 3. b5 c6 4. a4 d5 5. e3 a6 6. c4 Bd7 7. Nc3 Be7 8. Nf3 0-0 9. Ne5 Be8 10. d4 Bb4 11. Qb3 Qa5 12. Bd3 Nbd7 13. bxc6 Nxe5 14. dxe5 dxc4 15. Qxc4 Nd5 16. cxb7 Rb8 17. Rc1 Rxb7 18. 0-0 Rc7 19. Qe4 f5 20. exf6 Nxf6 21. Qxe6+ Bf7 22. Qxa6 Rfc8 23. Qxa5 Bxa5 24. Nb5 Rxc1 25. Rxc1 Rxc1+ 26. Bxc1 Bb3 27. Bb2 Bxa4 28. Bc4+ Kf8 29. Ba3+ Ke8 30. f3 Kd7 31. Kf2 g6 32. g4 Bb6 33. Nd4 Bxd4 34. exd4 Bc6 35. Bf8 Nd5 36. Bg7 Ke7 37. Be5 h6 38. f4 h5 39. h3 hxg4 40. hxg4 Nb4 41. Kg3 Be4 42. Kh4 Nd5 43. Kg5 Ne3 44. Be2 Ke6 45. Kh4 Ng2+ 46. Kg3 Ne3 47. Kf2 Nd5 48. Bf1 Ne7 49. Kg3 Kd5 50. Ba6 Ke6 51. Kh4 Kf7 52. Kg5 Nd5 53. Bc4 Ke6 54. f5+ gxf5 55. gxf5+ Kf7 56. Bd6 Bf3 57. Bc7 Bh1 58. Bxd5+ Bxd5 59. Kf4 Ke7 60. Ke5 Bf7 61. d5 Be8 62. Ba5 Kf7 63. f6 Ba4 64. Bc3 Ke8 65. Ke6 1/2-1/2

[Event "Munich-ch VM2"]
[Site "Munich"]
[Date "2005.02.20"]
[Round "6"]
[White "Biberger, Hans"]
[Black "Jovanovic, Momir"]
[Result "0-1"]
[WhiteElo "2032"]
[BlackElo "2049"]
[PlyCount "76"]
[EventDate "2005.01.21"]
[EventType "tourn"]
[EventRounds "9"]
[EventCountry "GER"]
[SourceTitle "EXT 2007"]
[Source "ChessBase"]
[SourceDate "2006.11.23"]
[SourceVersion "1"]
[SourceVersionDate "2006.11.23"]
[SourceQuality "1"]

1. d4 b5 2. e4 Bb7 3. Bd3 c5 4. c3 Nf6 5. f3 c4 6. Bc2 e6 7. Bg5 h6 8. Bh4 g5 9. Bf2 Nc6 10. Ne2 d5 11. e5 Nh5 12. g4 Ng7 13. h4 gxh4 14. Bxh4 Be7 15. Bf2 a5 16. f4 f6 17. Bg6+ Kd7 18. Bg3 fxe5 19. dxe5 Qb6 20. f5 Bc5 21. Nd2 Ne7 22. fxe6+ Kc7 23. Bf7 d4 24. Rf1 Rad8 25. cxd4 Bxd4 26. Nxd4 Qxd4 27. Qe2 Qxb2 28. Rb1 Qa3 29. Bh4 Rd3 30. Bxe7 Qxe7 31. Rxb5 Rhd8 32. Bh5 Qh4+ 33. Qf2 Qxf2+ 34. Rxf2 Nxe6 35. Bf7 c3 36. Rxb7+ Kxb7 37. Bxe6 Re3+ 38. Kd1 Rxe5 0-1

[Event "Munich-ch VM2"]
[Site "Munich"]
[Date "2005.01.21"]
[Round "1"]
[White "Hoennekes, Klaus"]
[Black "Biberger, Hans"]
[Result "1-0"]
[WhiteElo "2077"]
[BlackElo "2032"]
[PlyCount "101"]
[EventDate "2005.01.21"]
[EventType "tourn"]
[EventRounds "9"]
[EventCountry "GER"]
[SourceTitle "EXT 2007"]
[Source "ChessBase"]
[SourceDate "2006.11.23"]
[SourceVersion "1"]
[SourceVersionDate "2006.11.23"]
[SourceQuality "1"]

1. e4 d5 2. exd5 Qxd5 3. Nc3 Qa5 4. d4 Nf6 5. Bd2 c6 6. Ne4 Qf5 7. Nxf6+ Qxf6 8. Bc3 Qd6 9. Nf3 h6 10. Bd3 Bg4 11. h3 Bh5 12. g4 Bg6 13. Ne5 Qd5 14. Rg1 Bxd3 15. Qxd3 Nd7 16. Qe2 Nxe5 17. dxe5 0-0-0 18. Rg3 Qh1+ 19. Qf1 Qxf1+ 20. Kxf1 e6 21. Ke2 Bc5 22. Rf3 Rd7 23. Rd1 Rhd8 24. Rxd7 Rxd7 25. Rf4 b5 26. h4 Bb6 27. h5 a5 28. b3 c5 29. a4 b4 30. Bd2 Kb7 31. Rf3 Kc6 32. Bc1 Bc7 33. Bb2 Bd8 34. Bc1 Bc7 35. Re3 Rd5 36. f4 Rd4 37. Rg3 f6 38. exf6 gxf6 39. Rf3 c4 40. f5 cxb3 41. cxb3 e5 42. Rg3 e4 43. Rh3 Be5 44. Bxh6 Rd7 45. Rh1 Rd3 46. Rc1+ Kb7 47. Be3 Rxb3 48. h6 Rb2+ 49. Kf1 Rh2 50. Rc5 Bc7 51. Rxc7+ 1-0

[Event "GER-ch Seniors 15th"]
[Site "Bad Wiessee"]
[Date "2003.05.14"]
[Round "5.15"]
[White "Walkewitz, Hubert"]
[Black "Biberger, Hans"]
[Result "1-0"]
[WhiteElo "2235"]
[BlackElo "2086"]
[PlyCount "71"]
[EventDate "2003.05.??"]
[EventType "swiss"]
[EventRounds "9"]
[EventCountry "GER"]
[SourceTitle "CBM 094 Extra"]
[Source "ChessBase"]
[SourceDate "2003.07.09"]
[SourceVersion "2"]
[SourceVersionDate "2003.07.09"]
[SourceQuality "1"]

1. e4 c5 2. c3 e6 3. d4 a6 4. Nf3 cxd4 5. cxd4 d6 6. Nc3 b5 7. Bd3 Bb7 8. 0-0 g6 9. a4 b4 10. Qb3 a5 11. Nb5 Na6 12. Bg5 Be7 13. Rac1 h6 14. Be3 Nf6 15. Nd2 Ng4 16. Bf4 e5 17. Bg3 exd4 18. Nxd4 Nc5 19. Bb5+ Kf8 20. Qf3 Nf6 21. Bc6 Bc8 22. h3 Ra7 23. Rfd1 Kg7 24. Nc4 Nh5 25. Nxd6 Qf8 26. N4b5 Nxg3 27. Qxg3 Bxd6 28. Rxd6 Nb7 29. Rd3 Ra6 30. Qe5+ Kh7 31. Qc7 Nc5 32. Rxc5 Qg7 33. Rf3 Be6 34. Bb7 Rha8 35. Bxa8 Rxa8 36. Qe5 1-0

[Event "Bayern-chI Bank Hofmann 4th"]
[Site "Bad Wiessee"]
[Date "2000.11.01"]
[Round "5"]
[White "Biberger, Hans"]
[Black "Lieb, Harald"]
[Result "0-1"]
[WhiteElo "2130"]
[BlackElo "2256"]
[PlyCount "114"]
[EventDate "2000.10.28"]
[EventType "swiss"]
[EventRounds "9"]
[EventCountry "GER"]
[SourceTitle "EXT 2003"]
[Source "ChessBase"]
[SourceDate "2002.11.25"]
[SourceVersion "1"]
[SourceVersionDate "2002.11.25"]
[SourceQuality "1"]

1. d4 Nf6 2. c4 c5 3. d5 b5 4. b3 g6 5. Nd2 Bg7 6. Bb2 0-0 7. g3 d6 8. Bg2 bxc4 9. Nxc4 Ba6 10. Qc2 Nbd7 11. Nh3 Nb6 12. Nxb6 Qxb6 13. 0-0 Bb5 14. Rfe1 a5 15. e4 a4 16. e5 Ng4 17. exd6 exd6 18. Bxg7 Kxg7 19. Ng5 axb3 20. axb3 Rxa1 21. Rxa1 Re8 22. h3 Ne5 23. f4 Nd7 24. Qc3+ Kg8 25. Kh2 Ba6 26. Ne4 Bb7 27. Rd1 Bc8 28. g4 Ba6 29. f5 Re5 30. f6 h6 31. h4 Be2 32. Ra1 Bxg4 33. Ra8+ Kh7 34. Qe3 Nb8 35. Qg3 Bf5 36. Nxc5 Qxc5 37. Rxb8 Be4 38. Rf8 Bxd5 39. Qf4 g5 40. hxg5 hxg5 41. Qg4 Kg6 42. Rh8 Qc2 43. Qh5+ Kxf6 44. Qh6+ Qg6 45. Qf8 g4 46. Qxd6+ Kf5 47. Qd7+ Kf4 48. Rh4 Qg5 49. Rh7 g3+ 50. Kg1 Re1+ 51. Bf1 f6 52. Qh3 Bf3 53. Qc8 Qe5 54. Qc4+ Be4 55. Qb4 Rd1 56. Rh4+ Ke3 57. Qc4 Bd3 0-1

[Event "Bayern-chI Bank Hofmann 4th"]
[Site "Bad Wiessee"]
[Date "2000.10.29"]
[Round "2"]
[White "Fronczek, Heinrich"]
[Black "Biberger, Hans"]
[Result "1/2-1/2"]
[WhiteElo "2305"]
[BlackElo "2130"]
[PlyCount "140"]
[EventDate "2000.10.28"]
[EventType "swiss"]
[EventRounds "9"]
[EventCountry "GER"]
[SourceTitle "EXT 2003"]
[Source "ChessBase"]
[SourceDate "2002.11.25"]
[SourceVersion "1"]
[SourceVersionDate "2002.11.25"]
[SourceQuality "1"]

1. d4 c5 2. d5 e5 3. e4 d6 4. Nc3 a6 5. a4 g6 6. h4 Bg7 7. h5 g5 8. g4 h6 9. f3 f6 10. Nge2 Kf7 11. Ng3 Ne7 12. Be3 Qc7 13. Qd2 Bd7 14. Bc4 Rd8 15. Qf2 Kf8 16. 0-0 Be8 17. Rfb1 a5 18. Bb5 b6 19. Bxe8 Kxe8 20. Nb5 Qd7 21. c3 Na6 22. Nf1 Nc7 23. Nxc7+ Qxc7 24. b4 axb4 25. cxb4 Ra7 26. a5 Rc8 27. axb6 Rxa1 28. Rxa1 Qxb6 29. bxc5 dxc5 30. Rc1 Bf8 31. Rxc5 Rxc5 32. Bxc5 Qb5 33. Qc2 Nxd5 34. Bxf8 Qxf1+ 35. Kxf1 Ne3+ 36. Ke2 Nxc2 37. Bc5 Na1 38. Bb6 Nc2 39. Kd3 Nb4+ 40. Kc3 Nc6 41. Kc4 Kf7 42. Kd5 Nb4+ 43. Kc4 Nc6 44. Kb5 Nb8 45. Bc7 Nd7 46. Bd6 Ke6 47. Kc6 Nb6 48. Bf8 Nc4 49. Bxh6 Kf7 50. Kd5 Nd2 51. f4 Nf3 52. fxg5 fxg5 53. Bxg5 Nxg5 54. Kxe5 Kg7 55. Kf5 Nf7 56. g5 Nd6+ 57. Kf4 Nc8 58. e5 Kf7 59. g6+ Kg7 60. Kg5 Ne7 61. h6+ Kh8 62. e6 Nd5 63. Kf5 Ne7+ 64. Kg5 Nd5 65. Kf5 Ne7+ 66. Kf6 Ng8+ 67. Ke5 Ne7 68. g7+ Kh7 69. Kd6 Nf5+ 70. Kd7 Nxh6 1/2-1/2

[Event "Wch Seniors 07th"]
[Site "Bad Wildbad"]
[Date "1997.??.??"]
[Round "4"]
[White "Biberger, Hans"]
[Black "Laux, Bernhard"]
[Result "1/2-1/2"]
[WhiteElo "1961"]
[BlackElo "1700"]
[PlyCount "95"]
[EventDate "1997.11.13"]
[EventType "swiss"]
[EventRounds "11"]
[EventCountry "GER"]
[SourceTitle "EXT 1999"]
[Source "ChessBase"]
[SourceDate "1998.11.16"]
[SourceVersion "1"]
[SourceVersionDate "1998.11.16"]
[SourceQuality "1"]

1. b4 e6 2. Bb2 Nf6 3. b5 d5 4. e3 c5 5. c4 b6 6. Nf3 Bb7 7. Be2 Be7 8. 0-0 0-0 9. a4 Nbd7 10. Na3 Qc7 11. h3 Rad8 12. Qc2 dxc4 13. Nxc4 Nd5 14. Nfe5 Bd6 15. f4 Nb4 16. Qc1 Nxe5 17. fxe5 Be7 18. d4 Rd7 19. Nd2 Rc8 20. Nf3 Qd8 21. Qb1 Nd5 22. Nh2 Nxe3 23. Rxf7 Bg5 24. Rxd7 Qxd7 25. Nf3 Bf4 26. dxc5 Rxc5 27. Ba3 Rc2 28. Ra2 Rxa2 29. Qxa2 Bd5 30. Qd2 Bxf3 31. Qb4 Qf7 32. Bxf3 Nc2 33. Qb3 Nxa3 34. Qxa3 Bxe5 35. Qc1 Qd7 36. Qc6 Qd4+ 37. Kf1 Qd3+ 38. Kg1 Bd4+ 39. Kh2 Be5+ 40. g3 Qg6 41. Qc8+ Kf7 42. Qd7+ Kf8 43. Qd8+ Qe8 44. Qxe8+ Kxe8 45. Bd1 Ke7 46. Kg2 Kf6 47. Kf3 g5 48. g4 1/2-1/2